| 000 | 00612cam a2200229 4500 | ||
|---|---|---|---|
| 001 | 345818 | ||
| 005 | 20180226035506.0 | ||
| 008 | 710128s1972 dcua b 001 0 eng | ||
| 010 | _a 76039698 | ||
| 020 |
_a0815767706 _a0815767692 (pbk) |
||
| 040 |
_aDLC _cDLC _dDLC |
||
| 041 | _aeng | ||
| 080 | _a388.4 OWE | ||
| 082 | 0 | 0 | _a388.4 OWE |
| 100 | 1 | _a52 | |
| 101 | _aEKO | ||
| 245 | 1 | 4 |
_aThe accessible city _c[by] Wilfred Owen with the assistance of Inai Bradfield. |
| 350 | _a$6.50 | ||
| 504 | _aBibliography: p. 141-143. | ||
| 906 |
_a7 _bcbc _corignew _d1 _eocip _f19 _gy-gencatlg |
||
| 942 |
_2ddc _cBK |
||
| 999 |
_c43407 _d43407 |
||